La otra arquitectura : los consultorios de vivienda y habitat /
Compilación de las participaciones al Seminario La otra arquitectura, llevado a cabo en la Universidad de Buenos Aires, Argentina en 2002, las cuales dan cuenta de distintas experiencias en la prestación de servicios en el área de diseño y construcción de vivienda de interés social con el objeto de...
Kaydedildi:
| Müşterek Yazar: | |
|---|---|
| Materyal Türü: | Konferans Sunumu Kitap |
| Dil: | İspanyolca |
| Baskı/Yayın Bilgisi: |
Buenos Aires, Argentina :
Nobuko : Librerías Juan O'Gorman [dist.],
2003, c2003
|
| Konular: | |
| Etiketler: |
Etiket eklenmemiş, İlk siz ekleyin!
|
MARC
| LEADER | 00000nam^a2200000^a^4500 | ||
|---|---|---|---|
| 001 | 000183908 | ||
| 005 | 20250521000000.0 | ||
| 009 | 20260310102058.166 | ||
| 020 | |a 987-1135-26-2 | ||
| 037 | |a Acervo ITESO - Biblioteca | ||
| 041 | |a ESP | ||
| 082 | |a 728. 1 |b SEM 2002 | ||
| 111 | |a Seminario La Otra Arquitectura ( |d 2002 : |c Universidad de Buenos Aires, Facultad de Arquitectura, Diseño y Urbanismo) | ||
| 245 | 1 | 3 | |a La otra arquitectura : |b los consultorios de vivienda y habitat / |c Seminario La Otra Arquitectura ; comp. de Rubén Gazzoli. |
| 264 | 4 | |a Buenos Aires, Argentina : |b Nobuko : |b Librerías Juan O'Gorman [dist.], |c 2003, c2003 | |
| 300 | |a 140 p. | ||
| 336 | |a texto |b txt |2 rdacontenido | ||
| 337 | |a sin mediación |b n |2 rdamedio | ||
| 338 | |a volumen |b nc |2 rdasoporte | ||
| 520 | |a Compilación de las participaciones al Seminario La otra arquitectura, llevado a cabo en la Universidad de Buenos Aires, Argentina en 2002, las cuales dan cuenta de distintas experiencias en la prestación de servicios en el área de diseño y construcción de vivienda de interés social con el objeto de atender la demanda de sectores de población que normalmente no pueden acceder a los servicios de un profesional en términos tradicionales. En este espacio se discutió una forma diferente del ejercicio profesional por parte de los artquitectos, basada en las caracterísitcas de la realidad latinoamericana particular. | ||
| 649 | |a XX | ||
| 650 | |a Arquitectura y Sociedad - |x Congresos | ||
| 650 | |a Vivienda de Interés Social - |x Congresos | ||
| 650 | |a Consultorios | ||
| 650 | |a Diseño Arquitectónico | ||
| 650 | |a Proyecto Arquitectónico | ||
| 650 | |a Administración de Obras | ||
| 650 | |a Arquitectura Popular | ||
| 650 | |a Vivienda | ||
| 650 | |a Construcción | ||
| 650 | |a Atención al Cliente | ||
| 650 | |a Promoción del Producto | ||
| 650 | |a Educación y Promoción Popular | ||
| 650 | |a Comunicación Organizacional | ||
| 650 | |a Desarrollo Comunitario | ||
| 650 | |a Participación Social | ||
| 650 | |a Asociaciones Civiles - |x Administración | ||
| 910 | |a Fondo General | ||
| 920 | |a Impresos - Libros | ||
| 930 | |a Colección General | ||
| 905 | |a 101 | ||
| 901 | |a 0500124517 |b IT1 |c ACC |u 20250521 | ||
| 902 | |a https://opac.biblio.iteso.mx/vufind/Record/000183908 | ||